000 00791nas a2200277 4500
001 BR2010002262
003 BR-BrBNA
005 20231205114229.0
007 ta
008 230509b bl.|||p| |||| 00| 00por d
040 _aBR-BrBNA
_bpor
_cBiblioteca Nacional de Agricultura
041 _a(Pt)
072 _aL74
100 1 _aAraújo, B.M.
100 1 _aKemper, B.
100 1 _aFigueiredo, M.L. de
100 1 _aChioratto, R.
100 1 _aTudury, E.A.
245 1 _aPerosomus elumbus em cão Beagle
650 _aCÃO
650 _aMALFORMAÇÃO
650 _aCOLUNA VERTEBRAL
773 0 _tCiência Veterinária nos Trópicos (Brazil)
_xISSN 1415-6326
_g(Jan-Apr 2008), v. 11(1) p. 36-39
_wBR2010002262
909 _a202311
_bLúcia
_c55
_dLúcia Elande
942 _2AGRIS
_n0
_cANA
999 _c207717
_d207717